[Event "Mid Bohemia Region-chT 2223"]
[Site "Czech Republic"]
[Date "2023.04.02"]
[Round "11.7"]
[White "Musil, Martin"]
[Black "Stein, Michael1111"]
[Result "1-0"]
[WhiteElo "1986"]
[BlackElo "1537"]
[PlyCount "137"]
[EventDate "2022.10.09"]
[EventType "team-tourn"]
[EventRounds "11"]
[EventCountry "CZE"]
[SourceTitle "EXT 2024"]
[Source "ChessBase"]
[SourceDate "2023.10.10"]
[SourceVersion "1"]
[SourceVersionDate "2023.10.10"]
[SourceQuality "1"]
[WhiteTeam "Lysa nad Labem Joly IV"]
[BlackTeam "Vlasim II"]
[WhiteTeamCountry "CZE"]
[BlackTeamCountry "CZE"]

1. e4 e6 2. d4 d5 3. Nd2 c5 4. Ngf3 a6 5. exd5 exd5 6. dxc5 Bxc5 7. Nb3 Bb6 8. Be2 Nf6 9. Bg5 Nc6 10. c3 0-0 11. 0-0 Re8 12. Re1 Qd6 13. Bxf6 Qxf6 14. Qxd5 h6 15. Rad1 Bg4 16. Nbd2 Rad8 17. Qb3 Bxf3 18. Nxf3 Rxd1 19. Qxd1 Ne5 20. h3 Qe6 21. Kf1 Qxa2 22. Nxe5 Rxe5 23. Qd6 Re6 24. Qb8+ Kh7 25. Bd3+ g6 26. Rxe6 Qxe6 27. Qxb7 a5 28. Qf3 Kg7 29. Be4 f5 30. Bd5 Qd6 31. g3 Qc5 32. g4 f4 33. c4 g5 34. Qe2 Kf8 35. Qc2 Kg7 36. Ke1 Qd4 37. Qe2 Bc5 38. Be4 Bb6 39. Bd3 Bc5 40. Kf1 Kf7 41. Bf5 Qd6 42. Qe4 Kf6 43. Kg2 Qe5 44. Qc6+ Qd6 45. Qa8 Qd4 46. Qh8+ Ke7 47. Qh7+ Kd8 48. Qg8+ Ke7 49. Qe6+ Kd8 50. Qc8+ Ke7 51. Qb7+ Kd8 52. Qc8+ Ke7 53. Qc7+ Kf6 54. Qc6+ Ke7 55. Kh1 Qd1+ 56. Kh2 Qd4 57. Kh1 Qd1+ 58. Kg2 Qd4 59. Qe6+ Kd8 60. Qe1 Bb6 61. Qe2 Bc5 62. Be4 Bb6 63. Bc6 Kc7 64. Bb5 Bc5 65. Ba4 Kd6 66. Qc2 Ke7 67. Qh7+ Kd8 68. Kh1 Qxf2 69. Qd7# 1-0

[Event "Mid Bohemia Region-chT 2223"]
[Site "Czech Republic"]
[Date "2023.01.15"]
[Round "6.4"]
[White "Musil, Martin"]
[Black "Komprda, Pavel"]
[Result "0-1"]
[WhiteElo "1986"]
[BlackElo "2004"]
[PlyCount "102"]
[EventDate "2022.10.09"]
[EventType "team-tourn"]
[EventRounds "11"]
[EventCountry "CZE"]
[SourceTitle "EXT 2024"]
[Source "ChessBase"]
[SourceDate "2023.10.10"]
[SourceVersion "1"]
[SourceVersionDate "2023.10.10"]
[SourceQuality "1"]
[WhiteTeam "Lysa nad Labem Joly IV"]
[BlackTeam "Odolena Voda Aero"]
[WhiteTeamCountry "CZE"]
[BlackTeamCountry "CZE"]

1. e4 e5 2. Nf3 Nc6 3. Bb5 a6 4. Ba4 Nf6 5. Nc3 Be7 6. a3 b5 7. Bb3 0-0 8. d3 d6 9. Nd5 Nxd5 10. Bxd5 Bb7 11. h4 Na5 12. Ba2 c5 13. Ng5 d5 14. Qf3 c4 15. Qf5 g6 16. Qxe5 Bf6 17. Qf4 dxe4 18. Nxe4 Re8 19. 0-0 Bxe4 20. dxe4 Bxh4 21. Bd2 Nc6 22. Rad1 Qf6 23. Qh6 Re5 24. Bc3 Bg5 25. Qh2 Bf4 26. g3 Qg5 27. Bxe5 Nxe5 28. Kh1 Nf3 29. gxf4 Qg4 30. Qh6 Nh4 31. Qxh4 Qxh4+ 32. Kg1 Qxf4 33. f3 Qg3+ 34. Kh1 Re8 35. Rd2 Re5 36. Rh2 Qf4 37. Kg2 Rg5+ 38. Kh1 Rg3 39. b3 Rxf3 40. Rxf3 Qxf3+ 41. Rg2 Qxe4 42. bxc4 bxc4 43. Kg1 Qd4+ 44. Kh2 Kg7 45. Kh3 f5 46. Rg3 Kf6 47. c3 Qd5 48. Kh2 g5 49. Bb1 Qd2+ 50. Rg2 Qxc3 51. Rf2 f4 0-1

[Event "Mid Bohemia Region-chT 2223"]
[Site "Czech Republic"]
[Date "2022.10.30"]
[Round "2.5"]
[White "Musil, Martin"]
[Black "Bartos, Vaclav2222"]
[Result "1/2-1/2"]
[WhiteElo "1986"]
[BlackElo "1865"]
[PlyCount "45"]
[EventDate "2022.10.09"]
[EventType "team-tourn"]
[EventRounds "11"]
[EventCountry "CZE"]
[SourceTitle "EXT 2024"]
[Source "ChessBase"]
[SourceDate "2023.10.10"]
[SourceVersion "1"]
[SourceVersionDate "2023.10.10"]
[SourceQuality "1"]
[WhiteTeam "Lysa nad Labem Joly IV"]
[BlackTeam "Ricany III"]
[WhiteTeamCountry "CZE"]
[BlackTeamCountry "CZE"]

1. e4 c5 2. Nf3 e6 3. d4 cxd4 4. Nxd4 Qb6 5. c3 Bc5 6. b4 Bxd4 7. Qxd4 Qxd4 8. cxd4 Nc6 9. Bd2 Nxd4 10. Bc3 e5 11. Na3 Nf6 12. f3 0-0 13. Rd1 d5 14. Bxd4 exd4 15. e5 Nd7 16. f4 Nb6 17. Rxd4 f6 18. exf6 Rxf6 19. Bd3 Bf5 20. Kd2 Re8 21. Bxf5 Rxf5 22. g3 g5 23. Re1 1/2-1/2

[Event "Mid Bohemia Region-chT 2223"]
[Site "Czech Republic"]
[Date "2022.10.09"]
[Round "1.3"]
[White "Prochazka, Jaroslav"]
[Black "Musil, Martin"]
[Result "1/2-1/2"]
[WhiteElo "1789"]
[BlackElo "1986"]
[PlyCount "32"]
[EventDate "2022.10.09"]
[EventType "team-tourn"]
[EventRounds "11"]
[EventCountry "CZE"]
[SourceTitle "EXT 2024"]
[Source "ChessBase"]
[SourceDate "2023.10.10"]
[SourceVersion "1"]
[SourceVersionDate "2023.10.10"]
[SourceQuality "1"]
[WhiteTeam "Brodce"]
[BlackTeam "Lysa nad Labem Joly IV"]
[WhiteTeamCountry "CZE"]
[BlackTeamCountry "CZE"]

1. c4 c5 2. Nf3 Nc6 3. Nc3 Nf6 4. d4 cxd4 5. Nxd4 g6 6. e4 d6 7. Be2 Bg7 8. Be3 0-0 9. 0-0 Bd7 10. Rc1 b6 11. f3 Rc8 12. Nxc6 Bxc6 13. Qd2 Re8 14. Rfd1 Qd7 15. b3 Qb7 16. Nd5 Red8 1/2-1/2

[Event "WchT Seniors 50"]
[Site "Prague"]
[Date "2020.03.12"]
[Round "7.3"]
[White "Lauterbach, Ingrid"]
[Black "Musil, Martin"]
[Result "0-1"]
[WhiteElo "2057"]
[BlackElo "1937"]
[PlyCount "38"]
[EventDate "2020.03.06"]
[EventType "team-swiss"]
[EventRounds "7"]
[EventCountry "CZE"]
[SourceTitle "CBM 195 Extra"]
[Source "ChessBase"]
[SourceDate "2020.05.31"]
[SourceVersion "1"]
[SourceVersionDate "2020.05.31"]
[SourceQuality "1"]
[WhiteTeam "England 50 (W)"]
[BlackTeam "Czech Republic 50 X"]
[WhiteTeamCountry "ENG"]
[BlackTeamCountry "CZE"]

1. e4 e6 2. d3 d5 3. Nd2 c5 4. g3 Nc6 5. Ngf3 Nf6 6. Bg2 Be7 7. 0-0 0-0 8. c3 Qc7 9. Qc2 b6 10. exd5 exd5 11. Re1 Re8 12. Nf1 Bb7 13. Bf4 Qd7 14. Ne3 Nh5 15. Nxd5 Qxd5 16. Ne5 Qxg2+ 17. Kxg2 Nd4+ 18. f3 Nxf4+ 19. gxf4 Nxc2 0-1

[Event "CZE-chT2C 1920"]
[Site "Czech Republic"]
[Date "2019.11.17"]
[Round "3.7"]
[White "Musil, Martin"]
[Black "Bargel, Martin"]
[Result "0-1"]
[WhiteElo "1976"]
[BlackElo "2034"]
[PlyCount "58"]
[EventDate "2019.10.13"]
[EventType "team-tourn"]
[EventRounds "11"]
[EventCountry "CZE"]
[SourceTitle "EXT 2024"]
[Source "ChessBase"]
[SourceDate "2023.10.10"]
[SourceVersion "1"]
[SourceVersionDate "2023.10.10"]
[SourceQuality "1"]
[WhiteTeam "Lysa nad Labem Joly III"]
[BlackTeam "Neratovice II"]
[WhiteTeamCountry "CZE"]
[BlackTeamCountry "CZE"]

1. e4 c5 2. Nf3 d6 3. d4 cxd4 4. Nxd4 Nf6 5. Nc3 g6 6. Be2 Bg7 7. 0-0 Nc6 8. Be3 0-0 9. Kh1 Bd7 10. f3 a6 11. Qd2 Re8 12. Rad1 Qc7 13. Nb3 b5 14. a3 Ne5 15. Qe1 Nc4 16. Bc1 Rec8 17. Na2 Nxa3 18. c3 Be6 19. bxa3 Bxb3 20. Rd2 Nd7 21. Qf2 Qc5 22. Qh4 Bf6 23. Qh3 Nb6 24. Rb2 Qxa3 25. Nb4 Rxc3 26. Rb1 Qxb4 27. Bd2 Na4 28. Bxc3 Nxc3 29. Bd3 Nxb1 0-1

[Event "CZE-chT 1718"]
[Site "Czech Republic"]
[Date "2017.12.02"]
[Round "3.5"]
[White "Musil, Martin"]
[Black "Studnicka, Tomas"]
[Result "0-1"]
[WhiteElo "1997"]
[BlackElo "2316"]
[PlyCount "130"]
[EventDate "2017.11.18"]
[EventType "team-tourn"]
[EventRounds "11"]
[EventCountry "CZE"]
[SourceTitle "CBM 181 Extra"]
[Source "ChessBase"]
[SourceDate "2017.12.12"]
[SourceVersion "1"]
[SourceVersionDate "2017.12.12"]
[SourceQuality "1"]
[WhiteTeam "Lysa nad Labem II"]
[BlackTeam "Turnov Zikuda"]
[WhiteTeamCountry "CZE"]
[BlackTeamCountry "CZE"]

1. e4 c5 2. Nf3 g6 3. d4 cxd4 4. Nxd4 Bg7 5. c3 Nc6 6. Be3 Nf6 7. Nd2 0-0 8. Be2 d5 9. Nxc6 bxc6 10. e5 Nd7 11. f4 a5 12. 0-0 Ba6 13. Nf3 e6 14. a3 Bxe2 15. Qxe2 a4 16. Qc2 c5 17. b4 axb3 18. Qxb3 Qa5 19. Rfe1 Rfb8 20. Qc2 Nb6 21. Ra2 Nc4 22. Bc1 Qa4 23. Qf2 Qb3 24. Rae2 Qxc3 25. f5 exf5 26. Qxc5 Qa5 27. Qe7 Qa7+ 28. Qxa7 Rxa7 29. e6 fxe6 30. Rxe6 Bc3 31. Re8+ Rxe8 32. Rxe8+ Kf7 33. Rd8 Ke6 34. Ng5+ Ke5 35. Nf3+ Ke4 36. Ng5+ Kd4 37. Nf3+ Kc5 38. Rc8+ Kb5 39. Rb8+ Kc6 40. Rc8+ Kd7 41. Rf8 Rb7 42. Kf2 Rb1 43. Bg5 Rb2+ 44. Kg3 Nd6 45. Kh3 d4 46. Ne5+ Ke6 47. Nd3 Ra2 48. Rd8 Rxa3 49. g3 Ba5 50. Nf4+ Ke5 51. Rd7 d3 52. Bf6+ Kxf6 53. Rxd6+ Ke5 54. Rxd3 Rxd3 55. Nxd3+ Ke4 56. Nc5+ Kf3 57. Ne6 h6 58. Nd4+ Kf2 59. Ne6 Bd2 60. g4 f4 61. g5 h5 62. Nf8 f3 63. Nxg6 Ke2 64. Nh4 f2 65. Nf5 f1Q+ 0-1

[Event "CZE-chT2C 1617"]
[Site "Czech Republic"]
[Date "2017.02.26"]
[Round "9.4"]
[White "Musil, Martin"]
[Black "Popelka, Oldrich"]
[Result "1/2-1/2"]
[WhiteElo "1968"]
[BlackElo "2105"]
[PlyCount "66"]
[EventDate "2016.10.09"]
[EventType "team-tourn"]
[EventRounds "11"]
[EventCountry "CZE"]
[SourceTitle "EXT 2022"]
[Source "ChessBase"]
[SourceDate "2021.10.06"]
[SourceVersion "1"]
[SourceVersionDate "2021.10.06"]
[SourceQuality "1"]
[WhiteTeam "Lysa nad Labem IV"]
[BlackTeam "Tabor"]
[WhiteTeamCountry "CZE"]
[BlackTeamCountry "CZE"]

1. e4 c5 2. Nf3 g6 3. d4 cxd4 4. Nxd4 Bg7 5. Be3 Nc6 6. c3 Nf6 7. Nd2 0-0 8. Be2 d5 9. Nxc6 bxc6 10. Qa4 Qc7 11. Bf3 Be6 12. h3 Rab8 13. Qa3 Rb7 14. 0-0 Rfb8 15. b4 dxe4 16. Nxe4 Nxe4 17. Bxe4 Bd5 18. Bd3 Qe5 19. Rac1 Be4 20. Qa6 Bxd3 21. Qxd3 a5 22. a3 Ra8 23. Rfd1 h5 24. Bd4 Qd5 25. Bxg7 Qxd3 26. Rxd3 Kxg7 27. Rcd1 c5 28. Rd7 Rxd7 29. Rxd7 cxb4 30. cxb4 axb4 31. axb4 Ra1+ 32. Kh2 Rb1 33. Rxe7 Rxb4 1/2-1/2

[Event "CZE-chT2C 1617"]
[Site "Czech Republic"]
[Date "2016.11.27"]
[Round "4.6"]
[White "Musil, Martin"]
[Black "Matejka, Radek"]
[Result "1/2-1/2"]
[WhiteElo "1968"]
[BlackElo "1975"]
[PlyCount "102"]
[EventDate "2016.10.09"]
[EventType "team-tourn"]
[EventRounds "11"]
[EventCountry "CZE"]
[SourceTitle "EXT 2022"]
[Source "ChessBase"]
[SourceDate "2021.10.06"]
[SourceVersion "1"]
[SourceVersionDate "2021.10.06"]
[SourceQuality "1"]
[WhiteTeam "Lysa nad Labem IV"]
[BlackTeam "Pisek"]
[WhiteTeamCountry "CZE"]
[BlackTeamCountry "CZE"]

1. e4 c5 2. Nf3 d6 3. d4 cxd4 4. Nxd4 Nf6 5. Nc3 a6 6. Be2 e5 7. Nb3 Be6 8. Bg5 h6 9. Bh4 Be7 10. 0-0 b5 11. a3 0-0 12. Qd2 Nbd7 13. Rad1 Re8 14. Bg3 Qb6 15. Kh1 Rad8 16. f3 Nc5 17. Bf2 Qc7 18. Nxc5 dxc5 19. Qe3 Nd7 20. Nd5 Bxd5 21. Rxd5 Nf6 22. Rdd1 Nd7 23. a4 bxa4 24. Bxa6 Qb6 25. Qe2 Nf6 26. Bb5 Rxd1 27. Rxd1 Rb8 28. c4 Ne8 29. Bg3 f6 30. Bxa4 Nc7 31. b3 Ne6 32. Qd3 Rd8 33. Qc2 Nd4 34. Qa2 Bd6 35. h3 Be7 36. Be1 Rb8 37. Rb1 Kh7 38. Bd2 Qb7 39. Qb2 Qc7 40. Qc3 Rb4 41. Qd3 Rb8 42. Rf1 Rd8 43. Be1 g5 44. Bf2 Qa5 45. Rd1 h5 46. Be1 Qc7 47. h4 Kg6 48. hxg5 fxg5 49. Qf1 h4 50. Qf2 Rf8 51. Qe3 h3 1/2-1/2

[Event "CZE-chT2C 1516"]
[Site "Czech Republic"]
[Date "2016.01.10"]
[Round "5.8"]
[White "Musil, Martin"]
[Black "Vrkota, Milos"]
[Result "1/2-1/2"]
[WhiteElo "1993"]
[BlackElo "2048"]
[PlyCount "47"]
[EventDate "2015.10.18"]
[EventType "team-tourn"]
[EventRounds "11"]
[EventCountry "CZE"]
[SourceTitle "EXT 2022"]
[Source "ChessBase"]
[SourceDate "2021.10.06"]
[SourceVersion "1"]
[SourceVersionDate "2021.10.06"]
[SourceQuality "1"]
[WhiteTeam "Lysa nad Labem III"]
[BlackTeam "Kutna Hora"]
[WhiteTeamCountry "CZE"]
[BlackTeamCountry "CZE"]

1. e4 c6 2. d4 d5 3. Nd2 dxe4 4. Nxe4 Bf5 5. Ng3 Bg6 6. Bc4 e6 7. N1e2 Nf6 8. c3 Nbd7 9. 0-0 Bd6 10. Re1 Qc7 11. Bd3 0-0 12. h3 Rfe8 13. Bg5 c5 14. Bxg6 hxg6 15. dxc5 Nxc5 16. Qc2 b5 17. a3 a6 18. Rac1 Rac8 19. Rcd1 Nd5 20. Ne4 Bf8 21. Nxc5 Bxc5 22. Qe4 Qb6 23. Qf3 Qc7 24. Nf4 1/2-1/2

[Event "CZE-chT2C 1516"]
[Site "Czech Republic"]
[Date "2015.11.08"]
[Round "2.8"]
[White "Vystrcil, Martin"]
[Black "Musil, Martin"]
[Result "1/2-1/2"]
[WhiteElo "2021"]
[BlackElo "1993"]
[PlyCount "103"]
[EventDate "2015.10.18"]
[EventType "team-tourn"]
[EventRounds "11"]
[EventCountry "CZE"]
[SourceTitle "EXT 2022"]
[Source "ChessBase"]
[SourceDate "2021.10.06"]
[SourceVersion "1"]
[SourceVersionDate "2021.10.06"]
[SourceQuality "1"]
[WhiteTeam "Ricany"]
[BlackTeam "Lysa nad Labem III"]
[WhiteTeamCountry "CZE"]
[BlackTeamCountry "CZE"]

1. e4 e6 2. d4 d5 3. Nd2 Nf6 4. e5 Nfd7 5. c3 c5 6. Bd3 Nc6 7. Ngf3 Qb6 8. 0-0 cxd4 9. cxd4 Be7 10. Nb3 h6 11. Be3 0-0 12. Qd2 f5 13. exf6 Rxf6 14. Ne5 Qb4 15. Nxc6 bxc6 16. Qxb4 Bxb4 17. Rac1 Nb8 18. a3 Bd6 19. Na5 Bd7 20. Nb7 Bc7 21. Nc5 Be8 22. b4 Bb6 23. Rc3 Nd7 24. Rb1 a5 25. Nxd7 Bxd7 26. b5 cxb5 27. Bxb5 Bxb5 28. Rxb5 Bd8 29. a4 Rf7 30. Bd2 Rfa7 31. f3 Kf7 32. Kf2 Be7 33. Rc2 Bd6 34. g3 Kf6 35. Rc6 Ra6 36. Rxa6 Rxa6 37. Bxa5 h5 38. Bb4 Bc7 39. a5 h4 40. f4 hxg3+ 41. hxg3 g5 42. fxg5+ Kxg5 43. Kf3 Kf5 44. Bd2 Kf6 45. g4 Bd8 46. g5+ Kf5 47. Rb8 Bxg5 48. Bxg5 Kxg5 49. Rb6 Rxa5 50. Rxe6 Ra3+ 51. Ke2 Kf4 52. Re5 1/2-1/2

[Event "Rakovnik Regional-chT 1415"]
[Site "Rakovnik"]
[Date "2015.04.12"]
[Round "11.3"]
[White "Novak, Jindrich"]
[Black "Musil, Martin"]
[Result "1-0"]
[WhiteElo "2094"]
[BlackElo "2022"]
[PlyCount "85"]
[EventDate "2014.10.19"]
[EventType "team-tourn"]
[EventRounds "11"]
[EventCountry "CZE"]
[SourceTitle "EXT 2016"]
[Source "ChessBase"]
[SourceDate "2015.10.08"]
[SourceVersion "1"]
[SourceVersionDate "2015.10.08"]
[SourceQuality "1"]
[WhiteTeam "Kostelec nad CL"]
[BlackTeam "Lysa nad Labem IV"]
[WhiteTeamCountry "CZE"]
[BlackTeamCountry "CZE"]

1. d4 d5 2. Nd2 Nf6 3. Ngf3 e6 4. e3 Nbd7 5. Bd3 Be7 6. b3 b6 7. Bb2 Bb7 8. 0-0 0-0 9. Re1 Rc8 10. a4 a5 11. Qe2 c5 12. c3 Qc7 13. Ba6 Bxa6 14. Qxa6 Ra8 15. Qe2 Rfe8 16. Rac1 Bd6 17. Red1 Rac8 18. c4 Qb7 19. Ne5 cxd4 20. exd4 Nf8 21. Ndf3 Ne4 22. Qe3 f6 23. Nd3 Ng6 24. g3 Ne7 25. Nh4 Qb8 26. c5 bxc5 27. Nxc5 Bxc5 28. dxc5 Qb4 29. f3 Nxc5 30. Bd4 Nxb3 31. Rb1 e5 32. Rxb3 exd4 33. Qe6+ Kf8 34. Rxb4 axb4 35. Qb6 Rc4 36. f4 Nc6 37. Nf5 Re2 38. Qc7 Rcc2 39. Qxg7+ Ke8 40. Qg8+ Kd7 41. Qxd5+ Kc7 42. Nxd4 Nxd4 43. Qxd4 1-0

[Event "Rakovnik Regional-chT 1415"]
[Site "Rakovnik"]
[Date "2015.01.18"]
[Round "6.3"]
[White "Hlavacek, Jiri"]
[Black "Musil, Martin"]
[Result "1/2-1/2"]
[WhiteElo "2169"]
[BlackElo "2022"]
[PlyCount "31"]
[EventDate "2014.10.19"]
[EventType "team-tourn"]
[EventRounds "11"]
[EventCountry "CZE"]
[SourceTitle "EXT 2016"]
[Source "ChessBase"]
[SourceDate "2015.10.08"]
[SourceVersion "1"]
[SourceVersionDate "2015.10.08"]
[SourceQuality "1"]
[WhiteTeam "Pribram Pyrit"]
[BlackTeam "Lysa nad Labem IV"]
[WhiteTeamCountry "CZE"]
[BlackTeamCountry "CZE"]

1. e4 e6 2. f4 d5 3. e5 c5 4. Nf3 Nc6 5. c3 c4 6. b3 cxb3 7. axb3 Nge7 8. d4 Ng6 9. Bd3 Be7 10. 0-0 0-0 11. g3 Bd7 12. h4 f5 13. Ba3 Bxa3 14. Nxa3 a6 15. c4 Nge7 16. Nc2 1/2-1/2